Pecan soils of the gulf and southeastern states and maintenance of their fertility / (Record no. 9923)

MARC details
000 -LEADER
fixed length control field 01175cam a22003251a 4500
001 - CONTROL NUMBER
control field agr39000014
003 - CONTROL NUMBER IDENTIFIER
control field DLC
005 - DATE AND TIME OF LATEST TRANSACTION
control field 20260227110957.0
008 - FIXED-LENGTH DATA ELEMENTS--GENERAL INFORMATION
fixed length control field 850807s1938 dcubf b f000 0 eng
010 ## - LIBRARY OF CONGRESS CONTROL NUMBER
LC control number agr39000014
035 ## - SYSTEM CONTROL NUMBER
System control number (OCoLC)12355954
040 ## - CATALOGING SOURCE
Original cataloging agency DLC
Transcribing agency OYU
Modifying agency DNAL
-- DLC
043 ## - GEOGRAPHIC AREA CODE
Geographic area code n-usu--
050 00 - LIBRARY OF CONGRESS CALL NUMBER
Classification number SB401
Item number .S55
070 0# - NATIONAL AGRICULTURAL LIBRARY CALL NUMBER
Classification number 1
Item number Ag84C no.492
072 #0 - SUBJECT CATEGORY CODE
Subject category code J500
100 1# - MAIN ENTRY--PERSONAL NAME
Personal name Skinner, J. J.
Fuller form of name (Joshua John),
Dates associated with a name 1882-1969.
245 10 - TITLE STATEMENT
Title Pecan soils of the gulf and southeastern states and maintenance of their fertility /
Statement of responsibility, etc. by J.J. Skinner, E.D. Fowler, and A.O. Alben.
260 ## - PUBLICATION, DISTRIBUTION, ETC.
Place of publication, distribution, etc. Washington, D.C. :
Name of publisher, distributor, etc. U.S. Dept. of Agriculture,
Date of publication, distribution, etc. 1938.
300 ## - PHYSICAL DESCRIPTION
Extent 24 p., [1] leaf of plates :
Other physical details maps ;
Dimensions 23 cm.
490 1# - SERIES STATEMENT
Series statement Circular / United States Department of Agriculture ;
Volume/sequential designation no. 492
500 ## - GENERAL NOTE
General note Caption title.
500 ## - GENERAL NOTE
General note Contribution from Bureau of Plant Industry.
500 ## - GENERAL NOTE
General note Bibliography: p. 22-24.
650 #0 - SUBJECT ADDED ENTRY--TOPICAL TERM
Topical term or geographic name entry element Pecan
General subdivision Soils
-- Fertilizers.
650 #0 - SUBJECT ADDED ENTRY--TOPICAL TERM
Topical term or geographic name entry element Pecan
General subdivision Soils.
700 1# - ADDED ENTRY--PERSONAL NAME
Personal name Alben, Arthur Otto,
Dates associated with a name 1895-
700 1# - ADDED ENTRY--PERSONAL NAME
Personal name Fowler, Earl D.
Fuller form of name (Earl Donald),
Dates associated with a name 1890-
830 #0 - SERIES ADDED ENTRY--UNIFORM TITLE
Uniform title Circular (United States. Department of Agriculture) ;
Volume/sequential designation no. 492.

No items available.

Powered by Koha